000 00696nam a2200229 i 4500
999 _c107982
_d107982
001 C2-0304937
003 PPAK
005 20190204114406.0
008 100711s xx a|||| ||||| | may d
040 _aPPAK
_beng
_cPPAK
_erda
082 0 4 _a327.209595
_223
090 0 0 _a327.209595
_bMOK
_dKK
100 0 _aMokhtar Mohd Tohar,
_eauthor
245 1 0 _aProtokol dan Etiket
300 _avarious pages ; [24 - 96 pages.] :
_billustrations ;
_c26 cm.
336 _2rdacontent
_atext
337 _2rdamedia
_aunmediated
338 _2rdacarrier
_avolume
500 _aPetikan dari buku Protokol dan Etiket dalam Pengacaraan Majlis
650 1 0 _aGoverment etiquette - Malaysia
942 _cB
_2ddc